[Event "Ivy op 01st"]
[Site "Hangzhou"]
[Date "2017.01.22"]
[Round "8.1"]
[White "Liu, Chang"]
[Black "Shi, Kecheng"]
[Result "1/2-1/2"]
[WhiteElo "2346"]
[BlackElo "2192"]
[PlyCount "113"]
[EventDate "2017.01.18"]
[EventType "swiss"]
[EventRounds "9"]
[EventCountry "CHN"]
[SourceTitle "EXT 2024"]
[Source "ChessBase"]
[SourceDate "2023.10.10"]
[SourceVersion "1"]
[SourceVersionDate "2023.10.10"]
[SourceQuality "1"]

1. e4 e6 2. d4 d5 3. exd5 exd5 4. Bd3 Bd6 5. Qf3 Be6 6. Ne2 Nc6 7. c3 Qd7 8. Bf4 0-0-0 9. Bxd6 Qxd6 10. Qg3 Nge7 11. Qxd6 Rxd6 12. Nd2 Bf5 13. Bxf5+ Nxf5 14. 0-0 Re8 15. Rfe1 Rde6 16. Kf1 Nh4 17. Nf4 Rxe1+ 18. Rxe1 Rxe1+ 19. Kxe1 g5 20. Nxd5 Nxg2+ 21. Ke2 f5 22. Kf3 Ne1+ 23. Ke2 Ng2 24. Kf3 Ne1+ 25. Ke2 Ng2 26. Kf3 Nh4+ 27. Kg3 Ng6 28. Nf3 h6 29. h4 g4 30. h5 Nge7 31. Nxe7+ Nxe7 32. Nh4 Kd7 33. d5 Kd6 34. Kf4 Kxd5 35. Nxf5 Ng8 36. Kxg4 Ke4 37. Ng3+ Ke5 38. f4+ Ke6 39. Ne4 b6 40. c4 Ne7 41. Kf3 Nf5 42. Ng3 Nd6 43. b3 b5 44. cxb5 Nxb5 45. Ke3 Nc3 46. a3 Nd5+ 47. Ke4 Nc3+ 48. Kd4 Nb5+ 49. Kc5 Nxa3 50. Kc6 Nc2 51. Kxc7 Nd4 52. b4 Nc2 53. b5 Nd4 54. b6 axb6 55. Kxb6 Nf5 56. Ne4 Ng7 57. Ng3 1/2-1/2

[Event "CHN-ch blitz"]
[Site "Shenzhen"]
[Date "2016.08.26"]
[Round "9"]
[White "Shi, Kecheng"]
[Black "Zhao, Chenxi"]
[Result "1-0"]
[WhiteElo "2192"]
[BlackElo "2096"]
[PlyCount "43"]
[EventDate "2016.08.25"]
[EventType "swiss (blitz)"]
[EventRounds "9"]
[EventCountry "CHN"]
[SourceTitle "CBM 174 Extra"]
[Source "ChessBase"]
[SourceDate "2016.10.10"]
[SourceVersion "1"]
[SourceVersionDate "2016.10.10"]
[SourceQuality "1"]

1. e4 c5 2. Nf3 e6 3. d4 cxd4 4. Nxd4 a6 5. Bd3 Qc7 6. 0-0 Nf6 7. Nc3 Nc6 8. Nb3 Be7 9. f4 d6 10. Qf3 0-0 11. g4 Nb4 12. g5 Nd7 13. Be3 Nc5 14. Rad1 b5 15. f5 exf5 16. exf5 Bb7 17. Qg3 Ncxd3 18. cxd3 Rfe8 19. g6 fxg6 20. fxg6 Rf8 21. Bd4 Qc6 22. gxh7+ 1-0

[Event "CHN-ch blitz"]
[Site "Shenzhen"]
[Date "2016.08.25"]
[Round "2"]
[White "Bu, Xiangzhi"]
[Black "Shi, Kecheng"]
[Result "1-0"]
[WhiteElo "2715"]
[BlackElo "2192"]
[PlyCount "81"]
[EventDate "2016.08.25"]
[EventType "swiss (blitz)"]
[EventRounds "9"]
[EventCountry "CHN"]
[SourceTitle "CBM 174 Extra"]
[Source "ChessBase"]
[SourceDate "2016.10.10"]
[SourceVersion "1"]
[SourceVersionDate "2016.10.10"]
[SourceQuality "1"]

1. Nf3 Nf6 2. c4 c6 3. d4 d5 4. Qc2 g6 5. Bf4 Bg7 6. e3 0-0 7. Nc3 Nbd7 8. h3 dxc4 9. Bxc4 Nb6 10. Bb3 Nbd5 11. Be5 Nxc3 12. bxc3 Bf5 13. Qb2 Be4 14. Bd1 Qb6 15. Qa3 Bd3 16. Nd2 Ne4 17. Bxg7 Kxg7 18. Nxe4 Bxe4 19. 0-0 Qc7 20. c4 e5 21. Qc3 Rfe8 22. Bb3 exd4 23. exd4 Qf4 24. Rfe1 Rad8 25. Rad1 Kg8 26. Re3 Qg5 27. Rg3 Qh5 28. Re1 Bf5 29. Rge3 Rxe3 30. Qxe3 Be6 31. d5 cxd5 32. cxd5 Bd7 33. Qxa7 Qg5 34. Re3 Rc8 35. Qd4 Rc1+ 36. Kh2 Qd8 37. d6 h5 38. Bxf7+ Kh7 39. Re7 Kh6 40. Qf4+ Kg7 41. Qxc1 1-0

[Event "CHN-ch rapid"]
[Site "Shenzhen"]
[Date "2016.08.24"]
[Round "4"]
[White "Shi, Kecheng"]
[Black "Wei, Yi"]
[Result "0-1"]
[WhiteElo "2192"]
[BlackElo "2709"]
[PlyCount "58"]
[EventDate "2016.08.24"]
[EventType "swiss (rapid)"]
[EventRounds "9"]
[EventCountry "CHN"]
[SourceTitle "CBM 174 Extra"]
[Source "ChessBase"]
[SourceDate "2016.10.10"]
[SourceVersion "1"]
[SourceVersionDate "2016.10.10"]
[SourceQuality "1"]

1. d4 Nf6 2. Nf3 c5 3. c3 e6 4. e3 Nc6 5. Bd3 d5 6. Nbd2 Bd6 7. 0-0 0-0 8. dxc5 Bxc5 9. e4 Qc7 10. exd5 Nxd5 11. Ne4 Be7 12. Bg5 f6 13. Bh4 Rd8 14. Bg3 e5 15. Qc2 Be6 16. Rfe1 Rac8 17. Ned2 g6 18. Bxg6 hxg6 19. Qxg6+ Kf8 20. Qh6+ Kf7 21. Qh5+ Kg7 22. Nxe5 fxe5 23. Rxe5 Qd7 24. c4 Nxe5 25. cxd5 Ng6 26. Be5+ Nxe5 27. Qxe5+ Bf6 28. Qg3+ Kh8 29. dxe6 Qxd2 0-1

[Event "CHN-ch rapid"]
[Site "Shenzhen"]
[Date "2016.08.24"]
[Round "2"]
[White "Yu, Kaifeng"]
[Black "Shi, Kecheng"]
[Result "1/2-1/2"]
[WhiteElo "2243"]
[BlackElo "2192"]
[PlyCount "89"]
[EventDate "2016.08.24"]
[EventType "swiss (rapid)"]
[EventRounds "9"]
[EventCountry "CHN"]
[SourceTitle "CBM 174 Extra"]
[Source "ChessBase"]
[SourceDate "2016.10.10"]
[SourceVersion "1"]
[SourceVersionDate "2016.10.10"]
[SourceQuality "1"]

1. d4 Nf6 2. c4 e6 3. Nf3 d5 4. Nc3 Be7 5. Bf4 c5 6. e3 cxd4 7. exd4 0-0 8. a3 b6 9. cxd5 Nxd5 10. Nxd5 Qxd5 11. Rc1 Qe4+ 12. Be3 Nd7 13. Bd3 Qd5 14. 0-0 Nf6 15. Ne5 Bb7 16. f3 Bd6 17. Bc4 Bxe5 18. Bxd5 Nxd5 19. dxe5 Nxe3 20. Qd7 Nxf1 21. Qxb7 Ne3 22. Rc7 Rad8 23. Qe4 Rd1+ 24. Kf2 Nf5 25. g4 Nh4 26. Rxa7 g5 27. Ke2 Rd5 28. Qa4 Rxe5+ 29. Kf2 Rd5 30. b3 Rd2+ 31. Kf1 Nxf3 32. Ra8 Nxh2+ 33. Ke1 Nf3+ 34. Kf1 Nh2+ 35. Ke1 Nf3+ 36. Kf1 Nh2+ 37. Ke1 Nf3+ 38. Kf1 Nh2+ 39. Ke1 Nf3+ 40. Kf1 Nh2+ 41. Ke1 Nf3+ 42. Kf1 Nh2+ 43. Ke1 Nf3+ 44. Kf1 Nh2+ 45. Ke1 1/2-1/2